000 00316nam a22001337a 4500
008 190225b xxu||||| |||| 00| 0 eng d
020 _a0131192639
041 _aeng
080 _a338
100 _a52
101 _aMNG
245 _aCase Studies. In Business, Society and Ethics
_cBeauchamp, T.L
942 _2udc
_cBK
999 _c54187
_d54187